01116 2200265 4500001002100000005001500021035002000036007000300056008004100059020001800100082001200118084001800130100003000148245015000178250001400328300004200342520029900384600003100683264003000714336002100744337003000765338002300795990001600818990001600834INLIS00000000000002820260409042724 a0010-0426000027ta260409 g 0 ind  a9789792927658 a005.262 a005.262 MUL b0 aMulkan SyariefePengarang1 aBermacam Project Java dengan Ide Netbeans /cMulkan Syarief ; Editor, Hernita P, ; Setting, Alek ; Desain Cover, Bowo ; Korektor, Putri Christian aCetakan 1 a136 :bIlustrasi ;c16 cm x 23 cmeCD aAlat yang sangat efisien untuk mengembangkan berbagai aplikasi Java (Desktop, Web, Enterprise) karena fitur drag-and-drop GUI, debugger, dan compiler terintegrasi. Proyek yang bisa dibuat berkisar dari aplikasi konsol sederhana, CRUD dengan database, hingga sistem manajemen berbasis GUI Swing. 4aKomputer - Perangkat Lunak aYogyakarta :bANDI,c2012 2rdacontentaTeks 2rdamediaaTanpa perantara 2rdacarrieraVolume aPP000062/19 aPP000063/19